000 01955nam0a2200373 i 4500
001 RU\NLR\bibl\1919567
005 20241114225920.0
010 _a9785867939748
_91000
021 _aRU
_b2012-41904
_93104
035 _a(NLR Aleph) 001909041
090 _a3150879
_c3150879
100 _a20120629d2012 k y0rusy50 ca
101 0 _arus
102 _aRU
105 _aa |||||||||
200 1 _aДворянство, власть и общество в провинциальной России XVIII века
_e[сборник трудов Конференции, апрель 2009 года]
210 _aМосква
_cНовое литературное обозрение
_d2012
215 _a652 с.
_cил.
_d23
225 1 _aHistoria Rossica
225 1 _aStudia Europaea
_eсовместный проект Германского исторического института в Москве и издательства "Новое литературное обозрение"
_fред.: Д. Сдвижков, И. Ширле
320 _aБиблиогр. в подстроч. примеч.
320 _aУказатели: с. 630-650
606 1 _aДворянство
_jСъезды, совещания и т.п.
_yРоссия
_z18 в.
_92078659
_3RU\NLR\auth\661254521
606 _aПровинция
_jСъезды, совещания и т.п.
_xИстория
_yРоссия
_z18 в.
_92603229
_3RU\NLR\auth\661539787
686 _aТ3(2)46-286я431
686 _aТ3(2)46я431
711 1 2 _a"Дворянство, власть и общество в провинциальной России XVIII века", международная научная конференция
_eМосква
_f2009
_9801467
_3RU\NLR\AUTH\880567470
801 0 _aRU
_bNLR
_c20120629
_gRCR
801 1 _aRU
_bNLR
_c20120629
942 _cBOOK
980 _aNBR